<?xml version="1.0" encoding="UTF-8"?>
<record
    xmlns:xsi="http://www.w3.org/2001/XMLSchema-instance"
    xsi:schemaLocation="http://www.loc.gov/MARC21/slim http://www.loc.gov/standards/marcxml/schema/MARC21slim.xsd"
    xmlns="http://www.loc.gov/MARC21/slim">

  <leader>00941naa a22002057i 4500</leader>
  <controlfield tag="001">8125</controlfield>
  <controlfield tag="003">KOSZ 005</controlfield>
  <controlfield tag="005">20180405141015.0</controlfield>
  <controlfield tag="008">160308s2005    pl  ||||| ||||1|| 0 pol d</controlfield>
  <datafield tag="035" ind1=" " ind2=" ">
    <subfield code="a">PBN-R:248933</subfield>
  </datafield>
  <datafield tag="040" ind1=" " ind2=" ">
    <subfield code="c">KOSZ 005/md</subfield>
    <subfield code="a">PBN-ID</subfield>
    <subfield code="d">KOSZ 005/ac</subfield>
  </datafield>
  <datafield tag="041" ind1="0" ind2=" ">
    <subfield code="a">pol</subfield>
  </datafield>
  <datafield tag="100" ind1="1" ind2=" ">
    <subfield code="a">DUTKOWSKI, Krzysztof.</subfield>
    <subfield code="d">1996 - .</subfield>
    <subfield code="b">Politechnika Koszali&#x144;ska - Wydzia&#x142; Mechaniczny,</subfield>
    <subfield code="c">Katedra Techniki Cieplnej i Ch&#x142;odnictwa</subfield>
  </datafield>
  <datafield tag="245" ind1="1" ind2="0">
    <subfield code="a">Analiza eksperymentalno-teoretyczna wymiany ciep&#x142;a w diodzie termicznej /</subfield>
    <subfield code="c">Krzysztof Dutkowski, Wies&#x142;aw Szada-Borzyszkowski.</subfield>
  </datafield>
  <datafield tag="246" ind1="3" ind2="1">
    <subfield code="a">Experimental and theoretical analysis of heat exchange in thermal diodes</subfield>
  </datafield>
  <datafield tag="700" ind1=" " ind2=" ">
    <subfield code="a">SZADA-BORZYSZKOWSKI, Wies&#x142;aw.</subfield>
  </datafield>
  <datafield tag="711" ind1="2" ind2="2">
    <subfield code="a">Zjazd Termodynamik&#xF3;w</subfield>
    <subfield code="n">(19 ;</subfield>
    <subfield code="d">2005 ;</subfield>
    <subfield code="c">Gda&#x144;sk / Sopot, Polska).</subfield>
  </datafield>
  <datafield tag="773" ind1="0" ind2=" ">
    <subfield code="i">W :</subfield>
    <subfield code="t">Materia&#x142;y konferencyjne XIX Zjazdu Termodynamik&#xF3;w. -</subfield>
    <subfield code="d">Gda&#x144;sk : Politechnika Gda&#x144;ska, 2005. -</subfield>
    <subfield code="g">s. 155-157</subfield>
  </datafield>
  <datafield tag="942" ind1=" " ind2=" ">
    <subfield code="c">ROZ</subfield>
    <subfield code="2">UKD</subfield>
  </datafield>
  <datafield tag="999" ind1=" " ind2=" ">
    <subfield code="c">8125</subfield>
    <subfield code="d">8125</subfield>
  </datafield>
</record>
